Programming In Java 2 (Record no. 323211)

MARC details
000 -LEADER
fixed length control field 00389nam a2200145Ia 4500
008 - FIXED-LENGTH DATA ELEMENTS--GENERAL INFORMATION
fixed length control field 230718s9999 xx 000 0 und d
041 ## - LANGUAGE CODE
Language code of text/sound track or separate title eng
082 ## - DEWEY DECIMAL CLASSIFICATION NUMBER
Classification number 005.2768
Item number SOM
100 ## - MAIN ENTRY--PERSONAL NAME
Personal name Somasundaram K.
245 ## - TITLE STATEMENT
Title Programming In Java 2
260 ## - PUBLICATION, DISTRIBUTION, ETC. (IMPRINT)
Name of publisher, distributor, etc. Jaico Publishing House
365 ## - TRADE PRICE
Currency code Rs.
Price amount 350.00
700 ## - ADDED ENTRY--PERSONAL NAME
Personal name Somasundaram K.
906 ## - LOCAL DATA ELEMENT F, LDF (RLIN)
d O:0039318-Nov-2009B:32630-Sep-2009
c IT
b 70
Holdings
Withdrawn status Lost status Damaged status Not for loan Home library Current library Date acquired Vendor Budget Code Cost, normal purchase price Bill number Total Checkouts Full call number Barcode Date last seen Discount Cost, replacement price Bill Date Koha item type Original Barcode
        Cummins College of Engineering for Women Pune Cummins College of Engineering for Women Pune 18/11/2009 Pradeep Book Distributors IT 280.00 326   005.2768 CCEP-BK-34418 18/07/2023 70 350.00 30/09/2009 Books 034418